Alois Moravec : Březnice 1964 /

Hlavní autor: Krejčí, Josef
Další autoři: Štika, Karel, 1898-1975
Jazyk: Čeština
Vydáno: Březnice : Městské muzeum, 1964
Fyzický popis: 11, [1] s. : il. ; 8°
Knihy
Uloženo v:
LEADER 01032nam a22002772a 4500
001 001094251
003 CZ BrMZK
005 20251128134243.0
007 ta
008 100426s1964 xr a er|||||||||||cze d
015 |a cnb000479219 
035 |a (OCoLC)42125158 
040 |a ABA001  |b cze  |c OLA001  |d ABA001 
080 9 |a 75(437.1) Moravec, A.(069)+92 Moravec. A. 
100 1 |a Krejčí, Josef  |4 com 
245 1 0 |a Alois Moravec :  |b Březnice 1964 /  |c Katalog výstavy uspoř. Josef Krejčí ; [text:] Karel Štika 
260 |a Březnice :  |b Městské muzeum,  |c 1964 
300 |a 11, [1] s. :  |b il. ;  |c 8° 
500 |a Vyd. u příležitosti umělcových 65. narozenin 
700 1 |a Štika, Karel,  |d 1898-1975  |7 jk01131420  |4 oth 
910 |a BOA001  |b X-0535.565  |b PK-0039.387 
920 |a 000309589 
990 |a BK 
991 |b 201004 
996 6 |b 2619332012  |c X-0535.565  |l MZK  |r Sklad / do 24 hodin  |n 1  |w 001119990  |u 000010  |a 1  |e BOA001  |j MZK50  |s P 
996 7 |b 3119924097  |c PK-0039.387  |l MZK  |r Sklad / do 1 hodiny  |n 1  |w 001119990  |u 000020  |a 1  |e BOA001  |j MZK50  |s A